Michelangelo : (Record no. 353315)
[ view plain ]
| 000 -LEADER | |
|---|---|
| fixed length control field | 01035 a2200289 4500 |
| 003 - CONTROL NUMBER IDENTIFIER | |
| control field | OSt |
| 005 - DATE AND TIME OF LATEST TRANSACTION | |
| control field | 20180116192401.0 |
| 008 - FIXED-LENGTH DATA ELEMENTS--GENERAL INFORMATION | |
| fixed length control field | 120702t xxu||||| |||| 00| 0 eng d |
| 010 ## - LIBRARY OF CONGRESS CONTROL NUMBER | |
| LC control number | 97104493 |
| 020 ## - INTERNATIONAL STANDARD BOOK NUMBER | |
| International Standard Book Number | 0714832960 |
| 020 ## - INTERNATIONAL STANDARD BOOK NUMBER | |
| International Standard Book Number | 9780714832968 |
| 040 ## - CATALOGING SOURCE | |
| Transcribing agency | 0 |
| 082 00 - DEWEY DECIMAL CLASSIFICATION NUMBER | |
| Classification number | 709.24 |
| 100 1# - MAIN ENTRY--PERSONAL NAME | |
| Personal name | Goldscheider, Ludwig, |
| 9 (RLIN) | 5032 |
| 245 00 - TITLE STATEMENT | |
| Title | Michelangelo : |
| Remainder of title | paintings, sculpture, architecture / |
| Statement of responsibility, etc. | Ludwig Goldscheider. |
| 250 ## - EDITION STATEMENT | |
| Edition statement | Complete ed., 6th ed. |
| 260 ## - PUBLICATION, DISTRIBUTION, ETC. | |
| Place of publication, distribution, etc. | London : |
| Name of publisher, distributor, etc. | Phaidon Press, |
| Date of publication, distribution, etc. | 1996. |
| 300 ## - PHYSICAL DESCRIPTION | |
| Extent | 279 p. : |
| Other physical details | ill. (some col.) ; |
| Dimensions | 31 cm. |
| 600 00 - SUBJECT ADDED ENTRY--PERSONAL NAME | |
| Personal name | Michelangelo Buonarroti, |
| Dates associated with a name | 1475-1564 |
| General subdivision | Catalogs. |
| 9 (RLIN) | 5033 |
| 650 10 - SUBJECT ADDED ENTRY--TOPICAL TERM | |
| Topical term or geographic name entry element | Artists' preparatory studies |
| 9 (RLIN) | 5034 |
| 650 10 - SUBJECT ADDED ENTRY--TOPICAL TERM | |
| Topical term or geographic name entry element | Anatomy, Artistic |
| Geographic subdivision | Italy |
| 9 (RLIN) | 5035 |
| 650 10 - SUBJECT ADDED ENTRY--TOPICAL TERM | |
| Topical term or geographic name entry element | Cappella Sistina (Vatican Palace, Vatican City) |
| General subdivision | Artists |
| 9 (RLIN) | 5036 |
| 650 10 - SUBJECT ADDED ENTRY--TOPICAL TERM | |
| Topical term or geographic name entry element | Last Judgment (Michelangelo Buonarroti) |
| 9 (RLIN) | 5037 |
| 700 0# - ADDED ENTRY--PERSONAL NAME | |
| Personal name | Michelangelo Buonarroti, |
| Dates associated with a name | 1475-1564. |
| 9 (RLIN) | 5038 |
| 942 ## - ADDED ENTRY ELEMENTS (KOHA) | |
| Institution code [OBSOLETE] | SADA |
| Koha item type | Book |
| Call number prefix | 709.24 GOL 1996 |
| Source of classification or shelving scheme | |
| 952 ## - LOCATION AND ITEM INFORMATION (KOHA) | |
| -- | BOOK |
| Withdrawn status | Lost status | Source of classification or shelving scheme | Damaged status | Not for loan | Permanent Location | Current Location | Date acquired | Total Checkouts | Total Renewals | Full call number | Barcode | Date last seen | Date last checked out | Cost, replacement price | Price effective from | Koha item type |
|---|---|---|---|---|---|---|---|---|---|---|---|---|---|---|---|---|
| School of Art Design and Architecture (SADA) | School of Art Design and Architecture (SADA) | 06/28/2011 | 3 | 1 | 709.24 GOL 1996 | SADA0001424 | 10/18/2012 | 10/10/2012 | 2207.00 | 08/05/2011 | Book |
